Economic growth

Gespeichert in:
Bibliographische Detailangaben
Weitere Verfasser: Durlauf, Steven N., Blume, Lawrence
Format: Buch
Sprache:Englisch
Veröffentlicht: Basingstoke Palgrave Macmillan 2010
Schlagworte:
Tags: Tag hinzufügen
Keine Tags, Fügen Sie das erste Tag hinzu!

MARC

LEADER 00000nam a2200000 4500
001 0186377
005 20240315121705.0
020 |a 978-0-230-23883-1 
020 |a 978-0-230-23882-4 
041 0 |a eng 
044 |a GB 
245 1 0 |a Economic growth  |c edited by: Steven N. Durlauf, Lawrence E. Blume 
264 1 |a Basingstoke  |b Palgrave Macmillan  |c 2010 
300 |a 276 s. 
610 2 0 |a rast hospodársky 
610 2 0 |a zmeny technologické 
610 2 0 |a konvergencia 
610 2 0 |a hypotézy 
610 2 0 |a teórie rastu hospodárskeho 
610 2 0 |a globalizácia 
610 2 0 |a nerovnosť 
610 2 0 |a inštitúcia 
610 2 0 |a kapitál ľudský 
610 2 0 |a revolúcia priemyselná 
610 2 0 |a neoklasicizmus 
610 2 0 |a geografia hospodárska 
610 2 0 |a chudoba 
610 2 0 |a náboženstvo 
610 2 0 |a produktivita 
610 2 0 |a urbanizácia 
700 1 |a Durlauf, Steven N. 
700 1 |a Blume, Lawrence